[Event "Malaga op-13"]
[Site "Malaga"]
[Date "2010.02.21"]
[Round "3.24"]
[White "Gutierrez Castillo, Paloma"]
[Black "Fournier, Manuel"]
[Result "1/2-1/2"]
[WhiteElo "2161"]
[BlackElo "1935"]
[PlyCount "230"]
[EventDate "2010.02.20"]

1. e4 e5 2. Nf3 Nc6 3. Bc4 Bc5 4. c3 Nf6 5. d3 d6 6. Nbd2 O-O 7. Bb3 Qe7 8. Nf1
Be6 9. Bc2 d5 10. Ng3 dxe4 11. dxe4 Rad8 12. Qe2 Bb6 13. O-O Nd7 14. Bb3 Bxb3
15. Nf5 Qe6 16. axb3 g6 17. Nh6+ Kh8 18. Ng5 Qe7 19. Qc4 Kg7 20. b4 a6 21. Kh1
Nf6 22. f4 Rd7 23. Qb3 Nh5 24. fxe5 Nxe5 25. Nhxf7 Rxf7 26. Nxf7 Nxf7 27. c4
Bd4 28. Qh3 Ne5 29. g4 Nf6 30. Bh6+ Kh8 31. g5 Ng8 32. Rae1 Nxh6 33. gxh6 Rd8
34. c5 Bxb2 35. Rd1 Nc6 36. Rxd8+ Nxd8 37. Qf3 Ne6 38. e5 Bxe5 39. Qxb7 Nd8 40.
Qxa6 Bd4 41. Qa8 c6 42. Qa2 Qe4+ 43. Qg2 Qxg2+ 44. Kxg2 Kg8 45. Rd1 Ne6 46. Kf3
Kf7 47. Ke4 Bf6 48. Rd6 Nd8 49. b5 cxb5 50. c6 Ne6 51. c7 Nxc7 52. Rd7+ Kg8 53.
Rxc7 Bg5 54. Ke5 Bxh6 55. Kf6 Bf8 56. Rc8 b4 57. Rb8 b3 58. Rxb3 Bg7+ 59. Ke6
h5 60. Rg3 Kh7 61. h4 Bd4 62. Kf7 Bf2 63. Rxg6 Bxh4 {=} 64. Rg2 Kh6 65. Ke6 Bd8
{=} 66. Rg8 Ba5 67. Kf5 Kh7 68. Rg5 Kh6 69. Rg6+ Kh7 70. Kg5 h4 71. Re6 Bd8+
72. Kf5 Kg7 73. Ra6 h3 74. Rg6+ Kh7 75. Rg3 Ba5 76. Rxh3+ Kg7 77. Rd3 Kf7 78.
Rd7+ Ke8 79. Ke6 Kf8 80. Rh7 Bc3 81. Rc7 Ba1 82. Rf7+ Kg8 83. Rf3 Bb2 84. Ke7
Kg7 85. Rg3+ Kh6 86. Ke6 Kh5 87. Kf5 Kh6 88. Rg6+ Kh7 89. Rd6 Kg7 90. Rd7+ Kh6
91. Rc7 Ba1 92. Rc6+ Kg7 93. Rg6+ Kh7 94. Kg5 Bb2 95. Rc6 Ba1 96. Re6 Bb2 97.
Re7+ Kg8 98. Kf5 Ba1 99. Ke6 Kf8 100. Rf7+ Ke8 101. Rb7 Kf8 102. Kf5 Ke8 103.
Ke6 Kf8 104. Rb1 Bc3 105. Rf1+ Kg7 106. Ke7 Kg6 107. Ke6 Kg7 108. Rg1+ Kf8 109.
Rg4 Ba1 110. Rf4+ Kg7 111. Rf7+ Kg6 112. Rf1 Bb2 113. Rg1+ Kh5 114. Kf5 Kh6
115. Rb1 Bc3 1/2-1/2

[Event "Malaga op-13"]
[Site "Malaga"]
[Date "2010.02.21"]
[Round "3.25"]
[White "Garzon Rodriguez, Jose Manuel"]
[Black "Anaya Lopez, Victor Jose"]
[Result "0-1"]
[WhiteElo "1909"]
[BlackElo "2157"]
[PlyCount "58"]
[EventDate "2010.02.20"]

1. e4 c5 2. Nf3 Nc6 3. d4 cxd4 4. Nxd4 Nf6 5. Nxc6 bxc6 6. Bd3 e5 7. O-O d6 8.
Nc3 Be7 9. Kh1 h5 10. Qe2 h4 11. f4 Nh5 12. Qf3 exf4 13. Kg1 g5 14. h3 Be6 15.
Na4 Ng3 16. Re1 Bf6 17. e5 Bxe5 18. Qxc6+ Ke7 19. Bd2 Rc8 20. Qf3 g4 21. hxg4
h3 22. gxh3 Rxh3 23. Bxf4 Qh8 24. Bxe5 dxe5 25. Nc3 Rh1+ 26. Kf2 Rh2+ 27. Kg1
Qh4 28. Rxe5 Rh1+ 29. Kf2 Nf5+ 0-1

[Event "Malaga op-13"]
[Site "Malaga"]
[Date "2010.02.21"]
[Round "3.26"]
[White "Garcia Rodriguez, Victor"]
[Black "Barroso Campos, Manuel"]
[Result "1-0"]
[WhiteElo "2137"]
[BlackElo "1910"]
[PlyCount "103"]
[EventDate "2010.02.20"]

1. e4 c5 2. Nf3 d6 3. d4 cxd4 4. Nxd4 Nf6 5. Nc3 a6 6. Be2 e5 7. Nb3 Be7 8. O-O
Be6 9. f4 Qc7 10. Be3 O-O 11. Nd2 b5 12. a3 Nbd7 13. Qe1 Nb6 14. Qg3 Kh8 15.
fxe5 dxe5 16. Nf3 Nc4 17. Bxc4 Bxc4 18. Rf2 Bd6 19. Qh4 Bc5 20. Bxc5 Qxc5 21.
Ng5 h6 22. Kh1 Nh7 23. Nxh7 Kxh7 24. Rd1 f6 25. Rfd2 Ra7 26. Qg4 Qc8 27. Rd7
Rxd7 28. Rxd7 Rf7 29. Qf5+ Kg8 30. Rxf7 Qxf5 31. Rxg7+ Kxg7 32. exf5 h5 33. Kg1
Kh6 34. Ne4 Kg7 35. Kf2 Bd5 36. Ke3 Bc6 37. g3 Bd7 38. Nc5 Bxf5 39. Nxa6 Bxc2
40. Nc7 Ba4 41. Kd2 b4 42. axb4 Bc6 43. b5 Bb7 44. Ne6+ Kg6 45. Nc5 Bd5 46. b6
f5 47. b7 Bxb7 48. Nxb7 f4 49. gxf4 exf4 50. Ke2 Kf5 51. Kf3 h4 52. Nc5 1-0

[Event "Malaga op-13"]
[Site "Malaga"]
[Date "2010.02.21"]
[Round "3.27"]
[White "Nieto Asencio, Maria Del Carmen"]
[Black "Walton, Alan J"]
[Result "1-0"]
[WhiteElo "1900"]
[BlackElo "2137"]
[PlyCount "69"]
[EventDate "2010.02.20"]

1. d4 d5 2. Nf3 Nf6 3. e3 e6 4. Bd3 c5 5. b3 Nc6 6. O-O Bd6 7. Bb2 Qc7 8. Na3
a6 9. c4 cxd4 10. exd4 O-O 11. c5 Be7 12. Nc2 b6 13. b4 Rb8 14. Rb1 Nd7 15. Qe2
Bf6 16. Ba3 Re8 17. Bxa6 Bxa6 18. Qxa6 b5 19. Bc1 e5 20. dxe5 Ndxe5 21. Ncd4
Nxd4 22. Nxd4 Ng4 23. Nf3 Re6 24. Qa3 Rbe8 25. h3 Ne5 26. Nxe5 Bxe5 27. Bb2 d4
28. Rbd1 Qc6 29. Bxd4 Rg6 30. f3 Rxg2+ 31. Kxg2 Qg6+ 32. Kh1 Bxd4 33. Rxd4 Qg3
34. Qb2 Qxh3+ 35. Kg1 1-0

[Event "Malaga op-13"]
[Site "Malaga"]
[Date "2010.02.21"]
[Round "3.28"]
[White "Ramos Moreno, Francisco Jose"]
[Black "Yanez Acin, Gonzalo"]
[Result "1-0"]
[WhiteElo "2132"]
[BlackElo "1910"]
[PlyCount "49"]
[EventDate "2010.02.20"]

1. b4 e5 2. Bb2 d6 3. e3 Nf6 4. c4 Be7 5. Nf3 Bg4 6. Be2 O-O 7. O-O Nbd7 8. d4
e4 9. Nfd2 Bxe2 10. Qxe2 Re8 11. Nc3 Bf8 12. b5 c6 13. a4 d5 14. Rfc1 a6 15.
cxd5 cxd5 16. bxa6 bxa6 17. Ba3 Re6 18. Bxf8 Qxf8 19. Nb3 Rc6 {=} 20. Na5 Rc7
21. Qd2 Rac8 22. Na2 Qa3 {=} 23. Rxc7 Rxc7 24. Qb4 Rc3 25. Qxc3 1-0

[Event "Malaga op-13"]
[Site "Malaga"]
[Date "2010.02.21"]
[Round "3.29"]
[White "Anaya Lopez, Gonzalo Javier"]
[Black "Cardoso Garcia, Sergio"]
[Result "0-1"]
[WhiteElo "1872"]
[BlackElo "2125"]
[PlyCount "84"]
[EventDate "2010.02.20"]

1. e4 Nf6 2. Nc3 d5 3. exd5 Nxd5 4. Nxd5 Qxd5 5. Nf3 Bg4 6. Be2 Nc6 7. d4 O-O-O
8. Be3 e5 9. Nxe5 Bxe2 10. Qxe2 Nxe5 11. dxe5 Qxg2 12. Rf1 Kb8 13. f4 Qh3 14.
Bd2 Qh4+ 15. Qf2 Qxf2+ 16. Rxf2 Bc5 17. Re2 g6 18. O-O-O Rhe8 19. c3 Rd3 20.
Kc2 Red8 21. Rde1 a5 22. Bc1 Rh3 23. Rf1 Rh5 24. Rf3 Kc8 25. Be3 Bxe3 26. Rfxe3
Re8 27. Kd3 Kd7 28. a4 Ke6 29. Ke4 Rd8 30. b4 Rh4 31. Rg3 h6 32. Ke3 Kf5 33.
Rf3 axb4 34. cxb4 c6 35. h3 Rd1 36. Kf2 Rd4 37. e6 fxe6 38. Re5+ Kf6 39. Kg3
Rhxf4 40. Rxe6+ Kxe6 41. Rxf4 Rxf4 42. Kxf4 Kd5 0-1

[Event "Malaga op-13"]
[Site "Malaga"]
[Date "2010.02.21"]
[Round "3.30"]
[White "Guadamuro Torrente, Anabel"]
[Black "Ramos Guaz, Jose Manuel"]
[Result "1-0"]
[WhiteElo "2118"]
[BlackElo "1873"]
[PlyCount "76"]
[EventDate "2010.02.20"]

1. e4 c5 2. Nf3 e6 3. g3 Nc6 4. Bg2 d6 5. O-O Nf6 6. Re1 Be7 7. c3 O-O 8. d4 e5
9. dxe5 dxe5 10. Qe2 Bg4 11. Nbd2 Bxf3 12. Nxf3 Qc7 13. Nh4 g6 14. f4 Rfe8 15.
f5 Rad8 16. Bg5 Nh5 17. Bxe7 Qxe7 18. Rf1 Rd6 19. fxg6 hxg6 20. Nf5 gxf5 21.
Qxh5 f4 22. gxf4 exf4 23. Rxf4 Rg6 24. Rh4 Qe5 25. Qh7+ Kf8 26. Rf1 Qg7 27.
Qxg7+ Kxg7 28. Rhf4 Ne5 29. Rd1 Re7 30. Kh1 b6 31. Bh3 Kf8 32. Bf5 Rg5 33. Rh4
Ng6 34. Rh3 Kg7 35. Rd6 Rxf5 36. exf5 Re1+ 37. Kg2 Nf4+ 38. Kf2 Re2+ 1-0

[Event "Malaga op-13"]
[Site "Malaga"]
[Date "2010.02.21"]
[Round "3.31"]
[White "Jurado Vazquez, Javier"]
[Black "Cisnero Alvarez, Juan Jose"]
[Result "0-1"]
[WhiteElo "1850"]
[BlackElo "2110"]
[PlyCount "90"]
[EventDate "2010.02.20"]

1. e4 g6 2. d4 Bg7 3. Nc3 d6 4. Nf3 Nf6 5. Bf4 O-O 6. Qd2 c5 7. Bh6 cxd4 8.
Nxd4 Nc6 9. Bxg7 Kxg7 10. O-O-O Bd7 11. Be2 a6 12. h4 h5 13. f3 Ne5 14. g4 hxg4
15. h5 Rh8 16. f4 Nc6 17. f5 Qb6 18. Nxc6 Qxc6 19. fxg6 fxg6 20. Qg5 Rh6 21.
Nd5 Re8 22. Bd3 Nh7 23. Qe3 gxh5 24. Rdf1 Nf6 25. Nxf6 exf6 26. Qf4 Qc5 27. Kb1
Qe5 28. Qd2 Re7 29. Rh4 Qg5 30. Qe1 Re5 31. Qg3 Rh8 32. a3 Rhe8 33. Rfh1 Rh8
34. Rf1 Be8 35. Rfh1 Bg6 36. Rd1 b5 37. a4 Rhe8 38. axb5 axb5 39. Bxb5 Rxb5 40.
Rxd6 Re7 41. Rh1 Qe5 42. Qa3 Qxe4 43. Rc1 Reb7 44. Ka1 Rxb2 45. Rd8 Qb4 0-1

[Event "Malaga op-13"]
[Site "Malaga"]
[Date "2010.02.21"]
[Round "3.32"]
[White "James, David"]
[Black "Escofet Llongueras, Joan"]
[Result "1-0"]
[WhiteElo "2110"]
[BlackElo "1868"]
[PlyCount "59"]
[EventDate "2010.02.20"]

1. Nf3 Nf6 2. c4 g6 3. Nc3 c5 4. e4 d6 5. d4 cxd4 6. Nxd4 Bg7 7. Be2 O-O 8. O-O
Bd7 9. Be3 Nc6 10. h3 Rc8 11. Rc1 a6 12. Qd2 Nxd4 13. Bxd4 Bc6 14. Qe3 Nd7 15.
Bxg7 Kxg7 16. b4 Qb6 17. b5 axb5 18. cxb5 Qxe3 19. fxe3 Ne5 20. bxc6 bxc6 21.
Rb1 Ra8 22. a4 Ra5 23. Rb3 Rc5 24. Ra1 Ra8 25. Rba3 Raa5 26. Kf1 h5 27. Ke1 Kf6
28. Kd1 h4 29. Nb1 g5 30. Nd2 1-0

[Event "Malaga op-13"]
[Site "Malaga"]
[Date "2010.02.21"]
[Round "3.33"]
[White "Gonzalez Lopez, Jose Antonio"]
[Black "Medina Menendez, Eduardo Matias"]
[Result "0-1"]
[WhiteElo "1799"]
[BlackElo "2109"]
[PlyCount "50"]
[EventDate "2010.02.20"]

1. Nf3 Nf6 2. c4 c5 3. Nc3 g6 4. g3 Bg7 5. Bg2 O-O 6. O-O d5 7. cxd5 Nxd5 8.
Nxd5 Qxd5 9. Qc2 c4 10. d3 cxd3 11. Qxd3 Qxd3 12. exd3 Nc6 13. Rd1 Rd8 14. d4
Bg4 15. h3 Bxf3 16. Bxf3 Nxd4 17. Rd3 Nxf3+ 18. Rxf3 Rd1+ 19. Kg2 Rc8 20. Re3
e6 21. Rb3 b6 22. a4 Rcxc1 23. Rxc1 Rxc1 24. a5 Bd4 25. axb6 axb6 0-1

[Event "Malaga op-13"]
[Site "Malaga"]
[Date "2010.02.21"]
[Round "3.34"]
[White "Penalonga Sweers, Angel"]
[Black "Diaz Begonte, Manuel"]
[Result "1-0"]
[WhiteElo "2082"]
[BlackElo "1794"]
[PlyCount "49"]
[EventDate "2010.02.20"]

1. e4 d6 2. d4 g6 3. Nc3 Bg7 4. Bf4 Nc6 5. d5 Ne5 6. Be2 e6 7. dxe6 Bxe6 8. Qd2
a6 9. Nf3 Nxf3+ 10. Bxf3 h5 11. h3 Ne7 12. O-O Nc6 13. Nd5 Ne5 14. Be2 c6 15.
Nc3 Qe7 16. Rad1 Rd8 17. b3 O-O 18. Bh6 d5 19. Bxg7 Kxg7 20. Qf4 Qf6 21. Qxf6+
Kxf6 22. f4 Nd7 23. f5 gxf5 24. exf5 Bxf5 25. Bd3 1-0

[Event "Malaga op-13"]
[Site "Malaga"]
[Date "2010.02.21"]
[Round "3.35"]
[White "Perera Borrego, Mariela"]
[Black "Prieto Velasco, Rafael"]
[Result "1-0"]
[WhiteElo "2065"]
[BlackElo "1768"]
[PlyCount "75"]
[EventDate "2010.02.20"]

1. d4 f5 2. Nf3 Nf6 3. Nc3 d5 4. Bf4 c6 5. e3 e6 6. a3 Be7 7. Bd3 O-O 8. Ne2 c5
9. c4 Nc6 10. O-O b6 11. Ne5 Bb7 12. Rc1 Nxe5 13. dxe5 Nh5 14. Qc2 g5 15. Bg3
Qe8 16. f3 Qg6 17. Bf2 g4 18. f4 Kh8 19. Be1 Rg8 20. cxd5 Bxd5 21. Nc3 Bc6 22.
e4 g3 23. h3 Ng7 24. Rf3 Bh4 25. Re3 Rad8 26. exf5 exf5 27. Ne2 Rxd3 28. Qxd3
Ne6 29. b4 Be4 30. Qc4 Be7 31. Rxg3 Qf7 32. Kh2 Rg6 33. Rcc3 Qg7 34. Rxg6 Qxg6
35. Rg3 Qf7 36. Re3 Qg6 37. g4 h5 38. Rxe4 1-0

[Event "Malaga op-13"]
[Site "Malaga"]
[Date "2010.02.21"]
[Round "3.36"]
[White "Ortega Valle, Jose Ramon"]
[Black "Antunez Munoz, Juan Jesus"]
[Result "0-1"]
[WhiteElo "2054"]
[BlackElo "1753"]
[PlyCount "85"]
[EventDate "2010.02.20"]

1. c4 Nf6 2. Nc3 g6 3. g3 Bg7 4. Bg2 d6 5. d4 O-O 6. e4 Nfd7 7. Nge2 e5 8. d5
f5 9. O-O a5 10. f3 Nc5 11. Be3 fxe4 12. fxe4 Rxf1+ 13. Qxf1 Nbd7 14. Nc1 Nf6
15. Bxc5 dxc5 16. Nd3 Qe7 17. Qf2 Bh6 18. h3 b6 19. Rf1 Nh5 20. d6 cxd6 21. Nd5
Qf8 22. Qxf8+ Bxf8 23. Nxb6 Rb8 24. Nxc8 Rxc8 25. Rf3 Bh6 26. Nf2 Bc1 27. Nd1
Rb8 28. b3 Rf8 29. Rc3 Ba3 30. Rd3 Rf6 31. Kh2 Bb4 32. Bf3 Ng7 33. Bg4 Kf7 34.
Kg1 Ke7 35. Ne3 h5 36. Nd5+ Kf7 37. Nxf6 Kxf6 38. Rxd6+ Kf7 39. Bc8 Be1 40. Kg2
h4 41. g4 Ne8 42. Rd7+ Kf6 43. a3 0-1

[Event "Malaga op-13"]
[Site "Malaga"]
[Date "2010.02.21"]
[Round "3.37"]
[White "Charro Calvo, Jesus"]
[Black "Ladron De Guevara Pinto, Fermin"]
[Result "1/2-1/2"]
[WhiteElo "1729"]
[BlackElo "2044"]
[PlyCount "85"]
[EventDate "2010.02.20"]

1. e4 e6 2. d4 d5 3. e5 c5 4. c3 Nc6 5. Bb5 cxd4 6. Qxd4 Bd7 7. Bxc6 bxc6 8.
Qg4 Qc7 9. Nf3 Ne7 10. O-O Nf5 11. Re1 c5 12. Nbd2 Be7 13. Nf1 h5 14. Qh3 O-O-O
15. Ng5 Rdf8 16. Qd3 Qc6 17. Ne3 Nh4 18. Nc2 f6 19. exf6 gxf6 20. Nf3 Nf5 21.
Ne3 Nxe3 22. Bxe3 e5 23. Nh4 e4 24. Qd2 Rhg8 25. g3 f5 26. Ng2 h4 27. b4 hxg3
28. hxg3 Bd6 29. Bf4 Rf6 30. Rad1 Be6 31. Bxd6 Qxd6 32. Nf4 Bf7 33. bxc5 Qxc5
34. Qd4 Qd6 35. Nxd5 Bxd5 36. Qxd5 Rxg3+ 37. Kf1 Qxd5 38. Rxd5 Rxc3 39. Ra5 a6
40. Re3 Rc1+ 41. Re1 Rxe1+ 42. Kxe1 Kd7 43. Ke2 1/2-1/2

[Event "Malaga op-13"]
[Site "Malaga"]
[Date "2010.02.21"]
[Round "3.39"]
[White "Ladron De Guevara Pinto, Miguel"]
[Black "Alba Atencia, Jose Antonio"]
[Result "1-0"]
[WhiteElo "2020"]
[BlackElo "1745"]
[PlyCount "71"]
[EventDate "2010.02.20"]

1. e4 c5 2. Nf3 Nc6 3. d4 cxd4 4. Nxd4 Nf6 5. Nc3 e5 6. Ndb5 d6 7. Bg5 a6 8.
Na3 b5 9. Nd5 Be7 10. Bxf6 Bxf6 11. Be2 O-O 12. O-O Bg5 13. c4 b4 14. Nc2 a5
15. Nce3 Bxe3 16. fxe3 Ne7 17. Kh1 Nxd5 18. Qxd5 Be6 19. Qd2 Qb6 20. Rad1 Rfd8
21. b3 h6 22. Rf3 Qc6 23. Rg3 Rab8 24. Qd3 a4 25. Bg4 Bxg4 26. Rxg4 axb3 27.
axb3 Ra8 28. Qd2 Qc5 29. Qf2 Qc8 30. h3 Qe6 31. Rf1 Ra7 32. Qh4 Rdd7 33. Rf6
Qe7 34. Qxh6 g6 35. Rf5 Qf8 36. Rxg6+ 1-0

[Event "Malaga op-13"]
[Site "Malaga"]
[Date "2010.02.21"]
[Round "3.40"]
[White "Garcia Roman, Jose Luis"]
[Black "Ladron De Guevara Bravo, Fermin"]
[Result "1-0"]
[WhiteElo "2003"]
[BlackElo "1696"]
[PlyCount "87"]
[EventDate "2010.02.20"]

1. b4 d5 2. Bb2 e6 3. e3 f5 4. Nf3 Nf6 5. b5 c6 6. a4 a6 7. Na3 Bd6 8. c4 O-O
9. Qb3 Nbd7 10. bxa6 bxa6 11. Nc2 Nc5 12. Qa2 Nce4 13. Be2 Bd7 14. a5 Kh8 15.
O-O g5 16. d3 g4 17. Ne5 Nc5 18. f4 Kg8 19. g3 Rb8 20. cxd5 cxd5 21. Nxd7 Qxd7
22. Nd4 Kf7 23. Rfc1 Kg6 24. Ba3 Rbc8 25. Rab1 Qe7 26. Rb6 Nfd7 27. Nc6 Qe8 28.
Na7 Nxb6 29. axb6 Qa4 30. Nxc8 Rxc8 31. d4 Nd3 32. Rxc8 Bxa3 33. b7 Qb4 34.
b8=Q Qe1+ 35. Bf1 Qxe3+ 36. Kh1 Qe4+ 37. Qg2 Nf2+ 38. Kg1 Nh3+ 39. Qxh3 Qxd4+
40. Kh1 gxh3 41. Qe5 Qd1 42. Rg8+ Kh5 43. Rg5+ Kh6 44. Qg7# 1-0

[Event "Malaga op-13"]
[Site "Malaga"]
[Date "2010.02.21"]
[Round "3.43"]
[White "Camacho Dominguez, Florencio Ma"]
[Black "Jimenez Ruiz, Jose Carlos"]
[Result "0-1"]
[WhiteElo "1832"]
[BlackElo "1979"]
[PlyCount "60"]
[EventDate "2010.02.20"]

1. Nf3 e6 2. d4 Nf6 3. c4 b6 4. g3 Bb7 5. Bg2 Be7 6. O-O O-O 7. Nc3 Ne4 8. Nxe4
Bxe4 9. Nh4 Bxg2 10. Nxg2 d5 11. cxd5 exd5 12. Bf4 Nd7 13. Rc1 c5 14. dxc5 Nxc5
15. Be5 Bf6 16. Bxf6 Qxf6 17. b3 Rad8 18. Nf4 d4 19. Nd3 Ne4 20. Rc7 Rfe8 21.
Re1 h5 22. h4 Qd6 23. Rxa7 Nxg3 24. Qd2 Re4 25. f3 Rxh4 26. Qg5 Nf5 27. Ne5
Qxe5 28. Qxd8+ Kh7 29. Qxh4 Nxh4 30. Rd1 Qxe2 0-1

[Event "Malaga op-13"]
[Site "Malaga"]
[Date "2010.02.21"]
[Round "3.46"]
[White "Girela Sarrion, Manuel"]
[Black "Ortega Gonzalez, Jose Luis"]
[Result "0-1"]
[WhiteElo "1571"]
[BlackElo "1905"]
[PlyCount "64"]
[EventDate "2010.02.20"]

1. e4 e6 2. d4 d5 3. e5 c5 4. c3 Nc6 5. Nf3 Qb6 6. Be2 cxd4 7. cxd4 Nge7 8. Na3
Nf5 9. Nc2 Be7 10. O-O O-O 11. a3 a5 12. Qd3 f6 13. g4 fxe5 14. dxe5 Nh4 15.
Ncd4 Nxd4 16. Nxd4 Ng6 17. f4 Bc5 18. Be3 Nxf4 19. Rxf4 Rxf4 20. Bxf4 Bxd4+ 21.
Kg2 Qxb2 22. Rb1 Qc3 23. Qd1 Bxe5 24. Qa4 b5 25. Qxb5 Ba6 26. Qd7 Bxf4 27.
Qxe6+ Kh8 28. Qxd5 Re8 29. Bxa6 Qc2+ 30. Kf3 Qxb1 31. Kxf4 Qc1+ 32. Kf3 Qh1+
0-1

[Event "Malaga op-13"]
[Site "Malaga"]
[Date "2010.02.22"]
[Round "4.1"]
[White "Korneev, Oleg"]
[Black "Carlsson, Pontus"]
[Result "1/2-1/2"]
[WhiteElo "2573"]
[BlackElo "2476"]
[PlyCount "33"]
[EventDate "2010.02.20"]

1. e4 c5 2. c3 d5 3. exd5 Qxd5 4. d4 Nf6 5. Nf3 e6 6. Be3 cxd4 7. cxd4 Bb4+ 8.
Nc3 O-O 9. Bd3 b6 10. O-O Bxc3 11. bxc3 Ba6 12. Bxa6 Nxa6 13. Qe2 Nb8 14. c4
Qe4 15. Rfd1 h6 16. Qb2 Nbd7 17. a4 1/2-1/2

[Event "Malaga op-13"]
[Site "Malaga"]
[Date "2010.02.22"]
[Round "4.2"]
[White "Colovic, Aleksander"]
[Black "Paunovic, Dragan"]
[Result "1/2-1/2"]
[WhiteElo "2464"]
[BlackElo "2551"]
[PlyCount "22"]
[EventDate "2010.02.20"]

1. Nf3 d5 2. d4 Nf6 3. c4 e6 4. Nc3 Be7 5. Bg5 O-O 6. e3 h6 7. Bh4 b6 8. cxd5
exd5 9. Bd3 Be6 10. O-O Nbd7 11. Ne5 Nxe5 1/2-1/2

[Event "Malaga op-13"]
[Site "Malaga"]
[Date "2010.02.22"]
[Round "4.4"]
[White "Ortiz Suarez, Isan Reynaldo"]
[Black "Berbatov, Kiprian"]
[Result "1-0"]
[WhiteElo "2527"]
[BlackElo "2455"]
[PlyCount "75"]
[EventDate "2010.02.20"]

1. e4 c5 2. Nf3 d6 3. d4 cxd4 4. Nxd4 Nf6 5. Nc3 a6 6. Be3 e6 7. f3 b5 8. Qd2
Nbd7 9. g4 h6 10. a3 Bb7 11. O-O-O Rc8 12. h4 Ne5 13. Rg1 Nfd7 14. g5 Nb6 15.
g6 Nbc4 16. Qe1 Nxe3 17. Qxe3 Qxh4 18. gxf7+ Kxf7 19. f4 Nc4 20. Bxc4 Rxc4 21.
f5 e5 22. Ne6 Bxe4 23. Nxe4 Qxe4 24. Qa7+ Ke8 25. Qb8+ Kf7 26. Rxg7+ Bxg7 27.
Qa7+ Ke8 28. Nxg7+ Kf8 29. Ne6+ Ke8 30. c3 Rc8 31. f6 Rh7 32. Ng7+ Rxg7 33.
Qxg7 Qf4+ 34. Kb1 Qf5+ 35. Ka1 Qd7 36. Rxd6 Qf7 37. Qh8+ Qf8 38. f7+ 1-0

[Event "Malaga op-13"]
[Site "Malaga"]
[Date "2010.02.22"]
[Round "4.5"]
[White "Recuero Guerra, David"]
[Black "Arribas Lopez, Angel"]
[Result "1/2-1/2"]
[WhiteElo "2480"]
[BlackElo "2441"]
[PlyCount "28"]
[EventDate "2010.02.20"]

1. Nf3 Nf6 2. c4 g6 3. g3 Bg7 4. Bg2 O-O 5. O-O d6 6. Nc3 e5 7. d3 Nc6 8. Bg5
h6 9. Bxf6 Bxf6 10. Nd2 Bg7 11. Rb1 a5 12. a3 Bd7 13. b4 axb4 14. axb4 e4
1/2-1/2

[Event "Malaga op-13"]
[Site "Malaga"]
[Date "2010.02.22"]
[Round "4.7"]
[White "Bellon Lopez, Juan Manuel"]
[Black "Ruiz Gutierrez, Manuel"]
[Result "1-0"]
[WhiteElo "2440"]
[BlackElo "2226"]
[PlyCount "95"]
[EventDate "2010.02.20"]

1. d4 d5 2. c4 e6 3. Nf3 Nf6 4. Nc3 Be7 5. Bg5 O-O 6. Qc2 h6 7. Bxf6 Bxf6 8. e3
c5 9. dxc5 Qa5 10. Rc1 Nc6 11. Be2 dxc4 12. O-O Qxc5 13. Ne4 Qf5 14. Nxf6+ Qxf6
15. Bxc4 Bd7 16. Rfd1 Rfd8 17. Qe4 Be8 18. Bd3 g6 19. Rc3 Rd5 20. Rdc1 Rad8 21.
Be2 Kg7 22. h3 R8d6 23. a3 Rd8 24. b4 a6 25. Qb1 Ne7 26. e4 R5d7 27. Rc5 g5 28.
b5 b6 29. R5c2 a5 30. g3 Ng6 31. Qa1 Qxa1 32. Rxa1 Kf6 33. Rac1 Ne5 34. Ne1 Rd4
35. f3 h5 36. Kf2 h4 37. gxh4 gxh4 38. Ke3 Ra4 39. Rc3 Ng6 40. Rd1 Rb8 41. f4
e5 42. Rd6+ Ke7 43. fxe5 Nxe5 44. Rh6 Bd7 45. Rh5 Kd6 46. Rxe5 Kxe5 47. Nd3+
Kd6 48. Nb2 1-0

[Event "Malaga op-13"]
[Site "Malaga"]
[Date "2010.02.22"]
[Round "4.8"]
[White "Terron Elena, Francisco Miguel"]
[Black "Quillan, Gary"]
[Result "1-0"]
[WhiteElo "2278"]
[BlackElo "2364"]
[PlyCount "113"]
[EventDate "2010.02.20"]

1. d4 Nf6 2. c4 c5 3. d5 e6 4. Nc3 exd5 5. cxd5 d6 6. e4 g6 7. f3 Bg7 8. Bg5
O-O 9. Qd2 h6 10. Be3 Re8 11. Nge2 Na6 12. Nc1 Nc7 13. Be2 h5 14. O-O Rb8 15.
a4 a6 16. N1a2 Nh7 17. b4 b6 18. a5 bxa5 19. bxc5 dxc5 20. Rab1 Bd7 21. Rxb8
Qxb8 22. Bxc5 Nb5 23. Na4 h4 24. Nb6 Qc7 25. Rc1 h3 26. d6 Qb7 27. Bc4 hxg2 28.
Bd5 Bc6 29. Bxc6 Qxc6 30. d7 Rd8 31. Bf2 Qf6 32. Rc8 Ng5 33. Nd5 Nxf3+ 34. Kxg2
Nxd2 35. Nxf6+ Bxf6 36. Bb6 Rf8 37. e5 Bh4 38. Bf2 Bg5 39. h4 Be7 40. Bc5 (40.
Rxf8+ Kxf8 41. Bc5 $18) 40... Bxc5 41. Rxf8+ Bxf8 42. d8=Q Nc4 43. e6 fxe6 44.
Qf6 Nc7 45. Qxg6+ Bg7 46. Qd3 Nd5 47. Kh1 Nce3 48. Qxa6 Kf7 49. Qxa5 Nf5 50.
Nc1 Nxh4 51. Nd3 Ng6 52. Qa7+ Nge7 53. Qd7 Bd4 54. Ne1 Kf6 55. Nf3 Be3 56. Qd8
Kg7 57. Ne5 1-0

[Event "Malaga op-13"]
[Site "Malaga"]
[Date "2010.02.22"]
[Round "4.9"]
[White "Spence, David J"]
[Black "Fenollar Jorda, Manuel"]
[Result "0-1"]
[WhiteElo "2268"]
[BlackElo "2328"]
[PlyCount "120"]
[EventDate "2010.02.20"]

1. e4 e5 2. Nf3 Nc6 3. Bb5 a6 4. Ba4 Nf6 5. Qe2 b5 6. Bb3 Bc5 7. d3 d6 8. O-O
Ne7 9. Be3 Ng6 10. Nbd2 Bb6 11. a4 Rb8 12. axb5 axb5 13. d4 Bd7 14. Rfd1 O-O
15. dxe5 dxe5 16. Nf1 Qe7 17. Bg5 Bc6 18. Ne3 Nf4 19. Qf1 h6 20. Bxf4 exf4 21.
Nd5 Bxd5 22. exd5 Ng4 23. Rd2 Rfe8 24. h3 Ne5 25. Nxe5 Qxe5 26. Rd3 Qxb2 27.
Re1 Ba5 28. Red1 Bb4 29. Rb1 Qe5 30. f3 Qg5 31. Kh1 Re3 32. Rdd1 Rbe8 33. Ba2
Bd6 34. Rxb5 Qg3 35. Rbb1 g5 36. Bc4 g4 37. hxg4 Qh4+ 38. Kg1 Bc5 39. Rb5 Bb6
40. Rxb6 cxb6 41. Qf2 Re1+ 42. Rxe1 Rxe1+ 43. Bf1 Qxf2+ 44. Kxf2 Rd1 45. Bd3
Rxd3 46. cxd3 Kf8 47. g3 fxg3+ 48. Kxg3 Ke7 49. Kf4 Kd6 50. Ke4 b5 51. Kd4 f5
52. gxf5 b4 53. f6 b3 54. Kc3 h5 55. Kxb3 h4 56. Kc4 h3 57. f7 Ke7 58. Kc5 h2
59. Kc6 h1=Q 60. d6+ Kxf7 0-1

[Event "Malaga op-13"]
[Site "Malaga"]
[Date "2010.02.22"]
[Round "4.10"]
[White "Ramos Moreno, Francisco Jose"]
[Black "Ivanov, Jordan"]
[Result "0-1"]
[WhiteElo "2132"]
[BlackElo "2409"]
[PlyCount "116"]
[EventDate "2010.02.20"]

1. b4 e5 2. Bb2 Bxb4 3. Bxe5 Nf6 4. Nc3 Be7 5. Rb1 d5 6. e4 dxe4 7. Bxf6 Bxf6
8. Nxe4 O-O 9. Bd3 Re8 10. Ne2 b6 11. O-O Nd7 12. N2g3 Bb7 13. Re1 g6 14. Bb5
Bg7 15. Rb3 a6 16. Bf1 h5 17. Rbe3 h4 18. Nh5 Rxe4 19. Rxe4 Bxe4 20. Nxg7 Nf6
21. Qa1 Bd5 22. c4 Bb7 23. Ne6 fxe6 24. Rxe6 Kf7 25. Qe5 Ng8 26. Qe2 Bc8 27.
Re4 Nf6 28. Rxh4 Bb7 29. Qe3 Qe7 30. Qf4 Rg8 31. d4 Be4 32. Qg5 Bf5 33. c5 b5
34. h3 Nd5 35. Rh7+ Rg7 36. Qh6 Qf6 37. Rh8 g5 38. Qh5+ Bg6 39. Qe2 Rg8 40.
Rxg8 Kxg8 41. a4 Nc3 42. Qg4 Qf5 43. Qg3 Ne4 44. Qb3+ Bf7 45. Qb2 bxa4 46. f3
Nf6 47. Bxa6 Qf4 48. Bb5 Qe3+ 49. Kh2 a3 50. Qa1 Qb3 51. Qc1 Nh7 52. Bd7 Qb2
53. Qe3 a2 54. Bf5 a1=Q 55. Bxh7+ Kxh7 56. Qxg5 Qxd4 57. Qf5+ Bg6 58. Qf8 Qf6
0-1

[Event "Malaga op-13"]
[Site "Malaga"]
[Date "2010.02.22"]
[Round "4.11"]
[White "Karim, Ismael"]
[Black "Guadamuro Torrente, Anabel"]
[Result "1/2-1/2"]
[WhiteElo "2386"]
[BlackElo "2118"]
[PlyCount "49"]
[EventDate "2010.02.20"]

1. e4 e5 2. Nf3 Nc6 3. Nc3 g6 4. Bb5 Bg7 5. O-O Nge7 6. Nd5 O-O 7. Re1 d6 8.
Nxe7+ Qxe7 9. c3 Bd7 10. a4 a6 11. Bc4 h6 12. h3 Rad8 13. d4 exd4 14. cxd4 Rfe8
15. Rb1 Qf6 16. d5 Ne5 17. Nxe5 Rxe5 18. b3 Qh4 19. f4 Re7 20. Bb2 Qxf4 21.
Bxg7 Kxg7 22. Qd4+ Qe5 23. Qf2 Rde8 24. Re2 Qf6 25. Rf1 {=} 1/2-1/2